Vint anys d'ajuntaments democràtics : opinions a la premsa opinions a la premsa
ISBN:
84-923768-7-2
Descripción Física:
93 p. ; 20 cm
Colección:
Punt de vista ; 4
MARC
| LEADER | 00000nam a2200000Ia 4500 | ||
|---|---|---|---|
| 001 | 19078 | ||
| 008 | 160829s1999 xx 000 0 cat d | ||
| 020 | |a 84-923768-7-2 | ||
| 080 | |a M-3-267 | ||
| 245 | |a Vint anys d'ajuntaments democràtics : |b opinions a la premsa | ||
| 260 | |a Barcelona : |b Fundació Carles Pi i Sunyer d'Estudis Autonòmics Locals, |c 1999 | ||
| 300 | |a 93 p. ; |c 20 cm | ||
| 490 | |a Punt de vista ; 4 | ||
| 650 | 0 | |a Administració local |z Catalunya |9 10655 | |
| 650 | 0 | |a Municipis |x Govern i administració |z Catalunya |9 40824 | |
| 710 | 1 | |a Fundació Carles Pi i Sunyer d'Estudis Autonòmics i Locals |9 52753 | |
| 901 | |a Arxiu | ||
| 942 | |n 1 | ||
| 952 | |0 0 |1 0 |4 0 |6 M3267 |7 1 |9 52202 |a Arxiu |b Arxiu |d 2016-12-01 |l 0 |o M-3-267 |p 19078 |r 2016-12-01 00:00:00 |w 2016-12-01 |y ARXIU | ||
| 999 | |c 56050 |d 56050 | ||